Mechanics of Materials : (Record no. 17371)
[ view plain ]
| 000 -LEADER | |
|---|---|
| fixed length control field | 00681nam a22002175a 4500 |
| 001 - CONTROL NUMBER | |
| control field | 16547018 |
| 005 - DATE AND TIME OF LATEST TRANSACTION | |
| control field | 20171128112945.0 |
| 008 - FIXED-LENGTH DATA ELEMENTS--GENERAL INFORMATION | |
| fixed length control field | 101119s2011 ohu 000 0 eng |
| 010 ## - LIBRARY OF CONGRESS CONTROL NUMBER | |
| LC control number | 2010941460 |
| 020 ## - INTERNATIONAL STANDARD BOOK NUMBER | |
| International Standard Book Number | 1111136033 |
| 020 ## - INTERNATIONAL STANDARD BOOK NUMBER | |
| International Standard Book Number | 9781111136031 |
| 082 ## - DEWEY DECIMAL CLASSIFICATION NUMBER | |
| Edition number | 22 |
| Classification number | 620.11292 |
| Item number | GER |
| 100 1# - MAIN ENTRY--PERSONAL NAME | |
| 9 (RLIN) | 26026 |
| Personal name | Gere, James M. |
| 245 10 - TITLE STATEMENT | |
| Title | Mechanics of Materials : |
| Remainder of title | Brief Edition, si version / |
| Statement of responsibility, etc | James M. Gere, Barry J. Goodno. |
| 260 ## - PUBLICATION, DISTRIBUTION, ETC. (IMPRINT) | |
| Place of publication, distribution, etc | Mason, OH : |
| Name of publisher, distributor, etc | Cengage Learning, |
| Date of publication, distribution, etc | 2012. |
| 300 ## - PHYSICAL DESCRIPTION | |
| Extent | 598 p. : |
| Other physical details | ill. ; |
| Dimensions | 25 cm. |
| 650 ## - SUBJECT ADDED ENTRY--TOPICAL TERM | |
| Topical term or geographic name as entry element | Materials |
| General subdivision | Mechanical properties |
| 9 (RLIN) | 32876 |
| 653 ## - INDEX TERM--UNCONTROLLED | |
| Resource For college | |
| Arrived date list | March2013 |
| 700 ## - ADDED ENTRY--PERSONAL NAME | |
| Personal name | Goodno, Barry J. |
| 9 (RLIN) | 32877 |
| 942 ## - ADDED ENTRY ELEMENTS (KOHA) | |
| Source of classification or shelving scheme | Dewey Decimal Classification |
| Item type | Book - Borrowing |
| Withdrawn status | Item status | Source of classification or shelving scheme | Damaged status | Not for loan | Vendor | Home library | Current library | Shelving location | Date acquired | Source of acquisition | Total Checkouts | Total Renewals | Full call number | Barcode | Date last seen | Date last borrowed | Koha item type |
|---|---|---|---|---|---|---|---|---|---|---|---|---|---|---|---|---|---|
| Dewey Decimal Classification | Baccah | Central Library | Central Library | First floor | 18/03/2013 | 8 | 6 | 620.11292 GER | 000028519 | 13/12/2025 | 29/11/2025 | Book - Borrowing | |||||
| Dewey Decimal Classification | Baccah | Central Library | Central Library | First floor | 18/03/2013 | 3 | 27 | 620.11292 GER | 000028520 | 15/07/2025 | 13/01/2022 | Book - Borrowing |